000 01163nam0a22002651 4500
001 v19\rc\1231683
005 20250617230119.0
035 _a(NLR Aleph) 004391983
090 _a3764898
_c3764898
100 _a20060306e18811881|||y0rusy50 ca
101 0 _arus
102 _aRU
105 _ay z |||||
200 1 _aОбразование искусственного заднего прохода по способу Амюсса
_e(Anus praeternaturalis)
_f[Соч.] Д-ра С.И. Соборова
210 _a[Москва]
_cтип. Э. Лисснер и Ю. Роман
_dценз. 1881
215 _a4 с.
_d27
309 _aБез тит. л. и обл.
311 _aОтт. из Летописи Хирургич. о-ва в Москве. 1881, № 13
488 0 _12001#$aЛетопись Хирургического общества в Москве$v1881, № 13
_tЛетопись Хирургического общества в Москве
700 1 _aСоборов
_bС.И.
_f1838-1897
_gСергей Иванович
801 0 _aRU
_bNLR
_gpsbo
801 1 _aRU
_bProSoft-M
_2rusmarc
852 _aNLR
_j20.85.8.207
942 _cBOOK
980 _aNB